<?xml version="1.0" encoding="UTF-8"?>
<record
    xmlns:xsi="http://www.w3.org/2001/XMLSchema-instance"
    xsi:schemaLocation="http://www.loc.gov/MARC21/slim http://www.loc.gov/standards/marcxml/schema/MARC21slim.xsd"
    xmlns="http://www.loc.gov/MARC21/slim">

  <leader>00599nam a2200217uu 4500</leader>
  <controlfield tag="001">1178673</controlfield>
  <controlfield tag="005">20260507134933.0</controlfield>
  <controlfield tag="008">091112e20091117                    spa  </controlfield>
  <datafield tag="020" ind1=" " ind2=" ">
    <subfield code="a">980377008X</subfield>
  </datafield>
  <datafield tag="035" ind1=" " ind2=" ">
    <subfield code="a">1178673</subfield>
  </datafield>
  <datafield tag="035" ind1=" " ind2=" ">
    <subfield code="a">(OCoLC)777036687</subfield>
  </datafield>
  <datafield tag="040" ind1=" " ind2=" ">
    <subfield code="c">comduadb</subfield>
  </datafield>
  <datafield tag="041" ind1=" " ind2=" ">
    <subfield code="a">spa</subfield>
  </datafield>
  <datafield tag="100" ind1="1" ind2="0">
    <subfield code="a">Carrera, V&#xED;ctor Manuel</subfield>
    <subfield code="4">aut</subfield>
    <subfield code="e">aut</subfield>
    <subfield code="9">564719</subfield>
  </datafield>
  <datafield tag="245" ind1="1" ind2="7">
    <subfield code="a">La Lutheria: una pasi&#xF3;n de vida</subfield>
  </datafield>
  <datafield tag="260" ind1=" " ind2=" ">
    <subfield code="a">Venezuela :</subfield>
    <subfield code="b">Conac,</subfield>
    <subfield code="c">2004.</subfield>
  </datafield>
  <datafield tag="300" ind1=" " ind2=" ">
    <subfield code="a">160 p&#xE1;ginas :</subfield>
    <subfield code="b">ilustraciones</subfield>
  </datafield>
  <datafield tag="650" ind1=" " ind2=" ">
    <subfield code="a">Lutheria</subfield>
    <subfield code="9">155808</subfield>
  </datafield>
  <datafield tag="700" ind1="1" ind2="0">
    <subfield code="a">Rodriguez, Andres Fernando</subfield>
    <subfield code="4">aut</subfield>
    <subfield code="e">aut</subfield>
    <subfield code="9">564720</subfield>
  </datafield>
  <datafield tag="942" ind1=" " ind2=" ">
    <subfield code="c">BOOK</subfield>
  </datafield>
  <datafield tag="999" ind1=" " ind2=" ">
    <subfield code="c">532340</subfield>
    <subfield code="d">532340</subfield>
  </datafield>
  <datafield tag="952" ind1=" " ind2=" ">
    <subfield code="0">0</subfield>
    <subfield code="1">0</subfield>
    <subfield code="4">0</subfield>
    <subfield code="7">0</subfield>
    <subfield code="8">GENERAL</subfield>
    <subfield code="a">CEDEA</subfield>
    <subfield code="b">BSP</subfield>
    <subfield code="d">2009-11-12</subfield>
    <subfield code="i">C1073052</subfield>
    <subfield code="l">2</subfield>
    <subfield code="o">ML755.V3/C17</subfield>
    <subfield code="p">0616452</subfield>
    <subfield code="q">2028-12-08</subfield>
    <subfield code="r">2024-12-10 00:00:00</subfield>
    <subfield code="s">2024-12-10</subfield>
    <subfield code="t">1</subfield>
    <subfield code="w">2023-04-29</subfield>
    <subfield code="y">BOOK</subfield>
  </datafield>
</record>
